Music Quiz

Random Music or Rock Quiz
Score 0/55 Timer 06:00
12 Plays Today
% Correct
Candle in the Wind
93.7%
Rocket Man
92.3%
Bennie and the Jets
92.2%
Crocodile Rock
91.8%
Goodbye Yellow Brick Road
91.2%
Piano Man
89.2%
Tiny Dancer
88.7%
Uptown Girl
86.5%
We Didn't Start the Fire
84.3%
Your Song
83.8%
Band On the Run
81.9%
Brown Eyed Girl
81.2%
Live and Let Die
81.1%
Saturday Night's Alright for Fighting
79.6%
It's Still Rock and Roll to Me
79.3%
Maggie May
78.8%
Da Ya Think I'm Sexy?
76.6%
Heart of Gold
75.8%
Only the Good Die Young
75.5%
I'm Still Standing
73.5%
Old Time Rock and Roll
72.5%
Maybe I'm Amazed
71.2%
Rockin' in the Free World
70.7%
Against the Wind
69.9%
Night Moves
69.8%
Just the Way You Are
69.5%
After the Gold Rush
68.3%
Silly Love Songs
66.2%
% Correct
Big Yellow Taxi
65.5%
You May Be Right
65.4%
Old Man
64.7%
Cinnamon Girl
63.5%
Moondance
61.7%
Like a Rock
60.7%
Alison
58.9%
Running On Empty
57.5%
Turn the Page
57%
Jet
56%
Doctor My Eyes
53.2%
Cowgirl in the Sand
51.2%
Down by the River
50.3%
Everyday I Write the Book
49.9%
Still the Same
47.8%
Captain Jack
47.5%
Funeral for a Friend
47.4%
I Don't Want to Go to Chelsea
47%
With a Little Luck
46.7%
Radio, Radio
44.1%
Like a Hurricane
43.9%
Somebody's Baby
43.5%
Oliver's Army
43%
Tupelo Honey
42.6%
Beautiful Loser
38.1%
The Pretender
38%
Helpless
37.5%

You're not logged in!

Compare scores with friends on all Sporcle quizzes.
OR
Log In

Sporcle TV

Today on Sporcle TV


Watch our educational content, quiz creation guides, and fun videos on Sporcle TV.

Show Comments

Extras

Top Quizzes Today


Score Distribution

Paid Content

Your Account Isn't Verified!

In order to create a playlist on Sporcle, you need to verify the email address you used during registration. Go to your Sporcle Settings to finish the process.

Report this User

Report this user for behavior that violates our Community Guidelines.

Details: